[Event "8th Grand Slam Masters"]
[Site "Bilbao ESP"]
[Date "2015.10.26"]
[Round "1.1"]
[White "So, Wesley"]
[Black "Ding, Liren"]
[Result "1-0"]
[WhiteElo "2760"]
[BlackElo "2782"]
[EventDate "2015.10.26"]
[Annotator "Bojkov,Dejan"]
[PlyCount "119"]
[Beauty "6393595753559"]
[EventType "game"]
[EventCountry "ESP"]

{[Annotations by GM Dejan Bojkov]} 
1.d4 Nf6 2.c4 g6 3.Nc3 Bg7 4.e4 d6 5.Nf3 O-O 6.Be2 e5 7.O-O Nc6 {Ding Liren is a firm believer of the KID.} 8.d5 Ne7 9.Ne1 Nd7 10.Be3 f5 11.f3 f4 12.Bf2 g5 13.Rc1 Ng6 14.c5 $5 {Currently, this pawn sacrifice is the best chance for White to gain the advantage. Two games of Hikaru Nakamura showed that the other main move} ( 14.Nb5 {might be playable for Black:} 14...b6 15.b4 a6 16.Nc3 Rf7 17.Nd3 h5 18.c5 bxc5 19.bxc5 Bf8 {and despite the computer claiming a big edge for White, Nakamura went on to win in Kasimdzhanov,R (2684)-Nakamura,H (2783) London 2012} ) 14...Nxc5 15.b4 Na6 16.Nd3 h5 ( {Another KID specialist chose an ultra-solid set up instead:} 16...Rf7 17.Nb5 b6 18.Be1 Bf6 19.Nf2 h5 20.h3 Bb7 21.Rc2 Qd7 22.Qd3 Bd8 {and held the game to a draw in Topalov,V (2813) -Radjabov,T (2757) Nanjing 2009} ) 17.Nb5 b6 18.Be1 {A nice regroupment! For the pawn So managed to arrest the black knight on a6. The half-open file is another valuable asset. Now he optimises the position of his knigth and bishop and takes care of business on the queenside.} 18...Rf7 19.Bd2 Bf6 20.Nf2 {The knight took control of the g4 square, thus releasing the queen. Now White wants to bring it on a4 and move the knight from b5 (presumably on d6) after which he will crack the queenside of the opponent.} 20...Qe8 {A novelty.} ( {Perhaps Ding should have followed the fooprints of a correspondence game where} 20...Rg7 {was played with the idea to create as much kingside pressure as possible.} 21.Qa4 Nh4 22.h3 ( {Black's idea is revealed in the line} 22.Nxd6 cxd6 23.Bxa6 Bxa6 24.Qxa6 g4 {with an effective kingside attack.} ) ( 22.Nc3 Nb8 {is nothing to worry about.} ) 22...Qd7 23.Rc3 Bd8 24.Rfc1 Nb8 25.Qc2 {Black's position ain't a picknick neither, but he can hold, perhaps, Winkler,T (2631)-Cavajda,I (2417) corr. 2007} ) 21.Qa4 Bd8 22.Qa3 g4 ( {It is too late for} 22...Nh4 23.Nxd6 $1 cxd6 24.Bxa6 Bd7 25.Bb7 ( 25.b5 $5 {with a quick assault on the d6 pawn looks good too.} ) 25...Rb8 26.Bc6 {with a big advantage for White.} ) 23.fxg4 hxg4 24.Nc3 $1 {A sudden twist.} ( {This is even better than} 24.Nxd6 cxd6 25.Bxa6 Bxa6 26.Qxa6 Qd7 27.Rc3 Bh4 {when Black has activity to show on the opposite wing.} ) 24...Nxb4 $1 {The best practical chance. In case of} ( 24...Nb8 25.Nxg4 Rg7 26.Nd1 {White repels any attack, equalizes the material and will slowly but surely destroy his opponent on the queenside.} ) 25.Qxb4 f3 26.Bb5 Qe7 27.g3 Rh7 {So won a piece and is seemingly stable on the kingside. But Ding did not reveal the potential of his position yet.} 28.Qc4 $1 {The best defense is counter-attack.} 28...Rh8 {Intending to double the heavy pieces along the half-open file.} ( {The immediate} 28...Nf4 {will be met with} 29.Qc6 $1 ( {But not} 29.gxf4 $2 Rxh2 $3 {after which Black mates:} 30.Kxh2 Qh4+ 31.Kg1 Qg3+ 32.Kh1 Qg2# ) ) 29.Qc6 $1 {With the obvious threat Qe8+ to swap the queens.} ( {Black's resources are demonstrated by the following lines:} 29.Ncd1 Qh7 30.h3 Nf4 $1 31.Bxf4 exf4 32.e5 fxg3 33.e6 gxf2+ 34.Nxf2 g3 35.Qg4+ Qg7 36.Qxg7+ Kxg7 37.Ne4 Bb7 38.e7 Bxd5 39.exd8=Q f2+ 40.Nxf2 gxf2+ 41.Rxf2 Raxd8 42.Rxc7+ Kh6 43.Rxa7 {with a draw...} ) ( {Or:} 29.Ba6 Qh7 30.h3 Nf4 $1 {with wild complications.} ) 29...Qh7 30.h3 ( {Not} 30.h4 Rb8 {and sacrifice (or actually a capture) on h4 by the black bishop.} ) 30...Rb8 {The only move.} ( {The familiar resource} 30...Nf4 {comes a move too short:} 31.Bxf4 exf4 32.Qxa8 fxg3 33.Qxc8 gxf2+ 34.Rxf2 Qxh3 35.Qxd8+ {and White wins.} ) 31.Ncd1 $1 {Brings the knight in the defence and prepares something...} 31...a6 ( {In case of} 31...Nf4 {So was probably planning} 32.gxf4 ( {Better than} 32.Qe8+ Kg7 33.Qxd8 Ne2+ $1 34.Bxe2 Rxd8 {with unclear play.} ) 32...Qh4 {When} 33.Ne3 {leads to perpetual after} ( {Instead White has the fantastic resource} 33.Kh1 $3 {with the idea} 33...Qg3 34.Qe8+ Kg7 35.Qxh8+ $1 Kxh8 36.Rg1 Qh4 37.Kh2 {with large advantage for the first player.} ) 33...Qg3+ 34.Kh1 Rxh3+ 35.Nxh3 Qxh3+ 36.Kg1 Qg3+ ) 32.Qe8+ $1 {The logical end of White's active defense.} ( {Ding Liren was probably expecting} 32.Ba4 Nf4 33.gxf4 Qh4 34.Kh1 g3 35.f5 {wh Black does not even need to hurry and capture the rook with} 35...g2+ ( {But can wait for a move with} 35...Kh7 $3 36.Be3 g2+ 37.Kg1 gxf1=Q+ 38.Kxf1 Rg8 {and anything can happen.} ) 36.Kg1 gxf1=Q+ 37.Kxf1 Kf7 {although even this is very messy.} ) 32...Kg7 33.Qxd8 $3 {Wesley So gives back some of the material but kills the attack.} 33...Rxd8 34.Rxc7+ Bd7 35.Rxd7+ Rxd7 36.Bxd7 gxh3 37.Kh2 {The three light pieces are much better than the queen here as they control too many squares. The white king is safer that its colleague and this defines White's big advantage.} ( 37.Nxh3 {is possible but not necessary.} ) 37...Rb7 ( {Perhaps} 37...Ne7 38.Ne3 Qh5 39.Nfg4 {was more stubborn.} ) 38.Be6 Nf8 39.Bf5 Qh5 40.Ng4 {It might seem somewhat surprising but the white pieces will be perfectly co-ordinated very soon.} ( 40.Ne3 $5 {followed by Bd2-b4 looks good too.} ) 40...Nd7 {The last move in the time trouble makes White's task easier.} ( {Perhaps} 40...Rf7 $5 41.Nde3 a5 {speculating with the exchange sacrifice on f5.} ) 41.Bh6+ Kh8 42.Nde3 Rc7 43.Bxd7 $1 {A simple, human decision.} ( {The computer recommends instead} 43.Be6 Nf6 44.Nxf6 Qxh6 45.Rxf3 ) 43...Rxd7 44.Rxf3 Rf7 45.Rf5 $1 {The point behind White's trade on d7. He gets a powerful passer on the f file.} ( {Much worse was} 45.Rxf7 Qxf7 46.Nf5 b5 ( 46...a5 ) ) 45...Rxf5 {Forced or else White wins the d6 pawn after} ( 45...Qg6 46.Bf8 $1 ) 46.exf5 Qf7 47.Bg5 b5 ( 47...Qc7 48.f6 ) 48.Nh6 {The pawn runs quickly to f8 as all the white pieces support it and defend each other.} 48...Qf8 49.f6 Kh7 50.Nef5 Kg6 51.Bh4 e4 52.f7 e3 53.Be7 e2 {A pity, Ding did not allow another study-like idea to happen on the board:} ( 53...Qxf7 54.Nxf7 e2 55.Ne5+ $1 dxe5 56.Bb4 ( {Or first} 56.Nh4+ {and then Be7-b4.} ) ) 54.Nh4+ Kh7 55.Bxf8 e1=Q 56.Bxd6 {Black quickly ran out of checks and resigned after} 56...Qf2+ 57.Kxh3 Qf1+ 58.Kg4 Qc4+ 59.Bf4 Qe2+ 60.Nf3 {What a clash of young titans!} 1-0

[Event "PokerStars IoM Masters"]
[Site "Douglas ENG"]
[Date "2015.10.09"]
[Round "7.1"]
[White "Naiditsch, Arkadij"]
[Black "Harikrishna, P."]
[Result "0-1"]
[WhiteElo "2682"]
[BlackElo "2737"]
[EventDate "2015.10.03"]
[Annotator "Bojkov,Dejan"]
[PlyCount "112"]
[Beauty "6598814601255"]
[EventType "swiss"]
[EventRounds "9"]
[EventCountry "IOM"]

1.e4 e6 2.d4 d5 3.Nc3 Nf6 4.Bg5 dxe4 {From a Classical French the game transposes into the Rubinstein variation.} 5.Nxe4 Be7 6.Bxf6 gxf6 {Black breaks his pawns but gets more tactical chances and possibilities to open his bishops later. Alexander Morozevich gave a burst of popularity to this line at the beginning of the century.} ( 6...Bxf6 {remains the main continuation of the line.} ) 7.Nf3 a6 {A useful move that takes away the b5-square from the white bishop. In the line} ( 7...b6 8.Bb5+ {is awkward for Black as he will have to block the long diagonal fro his bishop with} 8...c6 ) 8.Qd2 f5 9.Nc3 b5 {This is another idea behind Black's a7-a6. Harikrishna intends to worry the white king but above all, the white knights.} 10.O-O-O {Now Naiditsch is thinking about the moment at which he will go d4-d5 and demolish his opponent in the center.} 10...b4 11.Ne2 ( {Another move is} 11.Na4 Bb7 12.Qe3 Qd5 13.Nc5 Bc6 14.b3 Bb5 {Muzychuk,A (2540)-Drozdovskij,Y (2607) Neustadt an der Weinstrasse 2009. If you want to study this line with the black pieces, you definitely should look at the games of Y. Drozdovskij!} ) 11...Bb7 12.Kb1 {Moves away the king from the trouble.} ( 12.Nf4 $2 {is untested for a good reason. Black wins after} 12...Bxf3 13.gxf3 Bg5 {with deadly pin.} ) 12...Qd6 {Before developing his knight Black wants to make sure that he has the other pieces on their optimal squares.} ( 12...Nd7 13.Nf4 Nf6 14.Ne5 ) 13.Ne5 Bd5 {A novelty. This bishop is a great piece and Black is reluctant trading it for nothing.} ( {Two predecessors saw} 13...c6 {which looks less logical as the bishop is blocked. After} 14.Nc4 Qc7 15.Qf4 {INstead White may prefer to keep the queens on the board with either} ( 15.Nf4 ) ( 15.Qe3 ) 15...Qxf4 16.Nxf4 Nd7 17.Na5 {White was a tad better in Espinoza Palomino,W (2273) -Lemos,D (2542) Buenos Aires 2011} ) ( {Please note that} 13...Nd7 {is prematuare as White can get rid of the strong black bishop after} 14.Nc4 Qc6 15.Na5 ( 15.Nf4 $5 {with the idea d4-d5 looks also appealing.} ) 15...Qb6 16.Nxb7 Qxb7 17.Nf4 ) 14.Qe1 ( {The computer suggests the odd} 14.Nf4 Bg5 15.h4 Bh6 {but I do not understand who will be willing to self-pin his knight like that.} ) 14...Nd7 {Now that the white knight is deprived of the c4 square Harikrishna is finally developing his own one. The opening was a success for him, the game seems approximately level. However Naiditsch shows his creativity and starts creating serious problems from now on.} 15.Nf4 c6 ( 15...Bb7 $5 ) 16.Bd3 Bf6 17.Nxd5 cxd5 {So, at the end of the day this bishop has been removed from the board. In return though Black got the half-open c-file and better central control.} 18.f4 Qb6 {A nice prophilactical move! The black king is still in the middle and the opening of the central files can be huge issue for Black if he is not careful. For instance, the obvious move} ( 18...Ke7 {to connect the rooks, play Rf8-c8, Ra8-b8 with an attack on the queenside can be met with} 19.Bxf5 $5 exf5 20.Nc4+ Qe6 21.Qxb4+ Kd8 22.Rhe1 Qc6 23.Nd6 {White will win a third pawn very soon and will attack for free.} 23...Rf8 ( 23...Kc7 24.Nxf7 ) 24.Nxf5 ) 19.Be2 $1 {Now} ( 19.Bxf5 {does not work due to} 19...Bxe5 $1 20.dxe5 exf5 21.Rxd5 Qb7 {and White's compensation is unsufficient.} ) 19...h5 {The bishop should not be allowed on h5:} ( 19...Ke7 20.Bh5 Rhf8 21.g4 $1 {is a strong attack for White.} ) 20.Rd3 Rc8 21.Qd2 Be7 {Black should definitely avoid the opposite-colored bishop middlegame after:} ( 21...Nxe5 22.fxe5 Be7 23.Rh3 h4 24.g4 $1 ) 22.Rb3 ( 22.Rh3 {looks more in the spirit of the position} 22...h4 23.g4 {with the idea to free the road for his f pawn.} ) 22...Nf6 23.Rd1 {Naiditsch probably did not like the line} ( 23.Rc1 Ne4 ( 23...a5 24.c4 ) 24.Qd1 Nf2 ( 24...a5 25.c3 ) 25.Qe1 Qxd4 26.Bxa6 Rc7 {when indeed it is not clear why to trade the central pawn for the flank one.} ) 23...a5 24.a4 {A concession but} ( 24.c4 Ne4 25.Qc2 dxc4 {looks good for Black.} ) 24...Ne4 25.Qe1 Bf6 $6 {Gamble! Poker Stars! Harikrishna sacrifices a pawn. Safer (and objectively better) was} ( 25...Qc7 {as now} 26.c3 bxc3 27.Rc1 Bb4 {works good for Black.} ) 26.c3 Qc7 {Now a forced line follows.} 27.cxb4 Qc2+ 28.Ka2 axb4 29.Bd3 ( 29.Rxb4 $2 Nc3+ ) 29...Nc3+ 30.Qxc3 Rxc3 31.Bxc2 Rxc2 32.Rxb4 O-O {Castling on move 32! You do not see this every day.} 33.Nd7 {This bishop is extremely strong. White correctly wants to trade it, but chooses the wrong move order. After the correct} ( 33.Kb3 $1 Rxg2 34.Nd7 Be7 35.Nxf8 Bxb4 36.Kxb4 Kxf8 37.b3 {Naiditch would have had excellent winning chances as the two connected passers are way too fast.} ) 33...Be7 $1 34.Rb7 Ra8 35.Nb6 {Once more a stronger idea would be to rely on his connected passers after} ( 35.Kb3 Rxg2 36.Rb8+ Rxb8+ 37.Nxb8 {with advantage for White.} ) 35...Ra6 36.Rd3 Bd6 37.Rg3+ {This saves the g-pawn, but White misses an important detail.} 37...Kh8 38.Kb3 $2 {This is a blunder, presumably in time trouble. It was not too late for} ( 38.Rc3 Rxg2 39.Rc6 Bxf4 40.Rxf7 {with double-edged position where White is calling the shots.} ) 38...Rc7 $1 {All of a sudden, White has issues with his knight.} 39.Rb8+ ( 39.Rxc7 Rxb6+ ) 39...Kh7 40.Rgg8 Bxf4 41.Rh8+ Kg7 42.Rhg8+ Kf6 43.Rgd8 $2 {Now the knight is gone. The only way to prolong the battle was} ( 43.g3 Be3 {Black is surely much better, maybe even winning, but at least the white knight survives.} ) 43...Rca7 44.Re8 ( 44.Nd7+ Rxd7 45.Rxd7 Bxb8 ) 44...Bxh2 $1 {Since the rook has nowhere to go Black can snack a pawn.} 45.Ka3 Bg1 {Nicely calculated. I guess Hrkrishna wanted to pay respect to this super piece.} ( 45...Bxb8 {wins prosaically as the white pawns go nowhere after} 46.Rxb8 Rc7 47.b4 Rc3+ 48.Kb2 Rg3 49.b5 Ra7 ) 46.Ra8 Bxd4 47.Nd7+ Kg5 48.Rxa7 Rxa7 49.Nb8 Ra8 {The knight did not go anywhere.} 50.b4 Ba7 51.a5 Rxb8 52.Rxb8 Bxb8 53.b5 Bc7 54.b6 Bd8 55.Kb4 d4 56.Kc4 e5 0-1

[Event "E World Chess Cup"]
[Site "FIDE"]
[Date "2015.10.01"]
[Round "55.1"]
[White "Svidler, Peter"]
[Black "Karjakin, Sergey"]
[Result "1-0"]
[WhiteElo "2727"]
[BlackElo "2753"]
[EventDate "2015.??.??"]
[Annotator "Bojkov,Dejan"]
[PlyCount "57"]
[Beauty "8249021565981"]
[EventType "team-tourn"]
[EventCountry "FID"]
[WhiteClock "0:22:20"]
[BlackClock "0:02:14"]

{[Annotations by GM Dejan Bojkov]} 
1.Nf3 Nf6 2.g3 d5 3.Bg2 e6 4.O-O Be7 5.d3 O-O ( 5...c5 6.e4 $5 Nc6 7.Qe2 O-O 8.e5 Nd7 9.c4 d4 10.h4 $5 {Svidler, P (2758)-Karjakin,S (2766) Khanty-Mansiysk 2014} ) 6.Nbd2 c5 7.e4 Nc6 8.Re1 b5 9.exd5 ( {The two players have also discussed the positions arising after:} 9.e5 Nd7 10.Nf1 b4 ( 10...Bb7 11.h4 Qc7 12.Bf4 Rfc8 13.Ne3 Qd8 14.Ng4 Bf8 15.c4 Ne7 16.b3 Bc6 {Karjakin,S (2753)-Dominguez Perez,L (2734) Khanty-Mansiysk 2015} ) 11.h4 a5 12.Bf4 a4 13.a3 bxa3 14.bxa3 Ba6 15.Ne3 Rb8 16.c4 dxc4 17.Nxc4 Nb6 {Svidler,P (2756)-Karjakin,S (2772) Loo RUS 2014} ) 9...Nxd5 {A slight surprise.} ( {"Generally, Sergey takes"} 9...exd5 {"which is fine for Black." Obviously Svidler put his efforts in the study of that line.} ) 10.Ne4 ( {"You're supposed to play} 10.a4 b4 11.Nc4 {but then Black simply develops with Qd8-c7, Bc8-b7, Ra8-d8 and I am not sure what is my plan. " - Svidler} ) 10...Bb7 11.c3 ( 11.Bd2 Qc7 12.c4 bxc4 13.dxc4 Ndb4 14.Bc3 Rfd8 15.Qa4 Nd3 16.Red1 Ncb4 {Grossmann,S (1886)-Lindenberg,G (1889) Greifswald 2003} ) ( 11.Bg5 f6 12.Bd2 e5 ) 11...a6 ( {Svidler suggested instead} 11...h6 {to rule out Bc1-g5 and to keep the pawn on f7 thus depriving White of targets. After the possible} 12.d4 cxd4 13.Nxd4 Nxd4 14.Qxd4 {he explained that without the dark-squared bishops on the board his position would be better, but since it is still alive he would rather prefer to have the black pieces.} ) 12.a4 {Before White does anything he wants to weaken the black queenside.} ( {White considered the curious idea} 12.Bg5 f6 13.Bc1 $5 {Not to obstruct the queen in its support for the d3-d4 break. However, he could not convince himself that he is better in the line} 13...e5 ( {Some preperatory move like} 13...Qd7 {though looks good for Black. He can bring his rooks first to d8 and e8 and play e6-e5 later.} ) 14.d4 cxd4 ( {Another option for Black is} 14...exd4 $5 15.cxd4 c4 {with a good position.} ) 15.cxd4 f5 16.Nc5 Bxc5 17.dxc5 e4 {However, in the final position White has the strong} 18.Ng5 {and if} 18...Qd7 19.f3 $1 {to break open the position for his bishops, with the advantage.} ) 12...b4 {This is not forced at all. A reasonable alternative was} ( 12...h6 {followed by Qd8-c7 with equality.} ) 13.Bg5 f6 14.Bd2 e5 15.Rc1 {For a moment White felt optimistic as he has targets on the queenside.} 15...Rf7 {Svidler suggested as a better defense the move} ( 15...Rc8 $1 {with the idea to take control of the c5-square. The point becomes obvious in the line} 16.d4 ( {Probably Karjakin was afraid of the move} 16.Bh3 {and after} 16...f5 {Or} 17.Neg5 ( 17.Nfg5 {However, if he is careful with} 17...Qd7 $1 {he should be fine. The main thing Black needs to avoid is greediness after} ( 17...fxe4 $2 18.Be6+ Kh8 19.Nxh7 $1 {A typical trick as} 19...Kxh7 20.Qh5# ) ) 17...Qd6 {but in both cases Black holds.} ) 16...cxd4 17.cxd4 Nxd4 18.Nxd4 exd4 {and in comparison to the game c5 is under control.} ) 16.d4 $1 {White got the initiative and what follows was connected to an oversight by Black.} 16...bxc3 17.bxc3 cxd4 18.cxd4 Nxd4 $2 {Svidler did not mention it, but this move might have been the worst mistake Karjakin made today. The fact that these two knights were traded is very favorable for White, who will make excellent use of his fianchettoed bishop.} ( 18...exd4 $1 {instead was more tenacious. White still keeps an edge but he has to play first of all very energetically with} 19.Qb3 Rb8 20.Nfg5 $1 fxg5 21.Nc5 Ncb4 22.Nxb7 Rxb7 23.Bxb4 Rxb4 24.Qxd5 Rb8 25.Qc4 {and then it is not yet clear of the opposite bishop position after} 25...d3 $1 26.Bd5 ( 26.Rcd1 d2 27.Re2 Rb1 28.Rxb1 d1=Q+ 29.Rxd1 Qxd1+ 30.Bf1 Qd6 {is also better for White but maybe holdable.} ) 26...d2 27.Bxf7+ Kh8 28.Qxa6 Bc5 {is actually won for White.} ) 19.Nxd4 exd4 20.Qb3 ( {Karjakin only expected} 20.Nc5 Bxc5 21.Rxc5 Nc3 {with massive liquidations and a draw after} 22.Bxc3 Bxg2 23.Kxg2 dxc3 ) 20...Rb8 $6 {Objectively, a mistake. From far away Karjakin considered this a good move and a good position for him, but White's next reply clarifies the situation.} ( {Better was} 20...Qd7 $1 {although after} 21.Rc4 {White is clearly better. For example} 21...f5 22.Ng5 Bxg5 23.Bxg5 Nf6 $1 {to break the pin at once} 24.Bxb7 Qxb7 25.Qxb7 Rxb7 26.Bxf6 gxf6 27.Rxd4 {Although White keeps winning chances Black has hopes to hold this endgame.} ) 21.Rb1 $1 {This pin is more than annoying.} 21...Qd7 ( 21...Rf8 22.Bf4 $1 {reveals one point behind the pin.} ) 22.Rec1 ( {Worse is the greedy} 22.Ng5 fxg5 23.Bxd5 Bxd5 24.Qxb8+ Rf8 {with huge compensation for a pawn (Svidler).} ) 22...Qe6 {The last mistake according to Svidler, who was afraid of the move} ( 22...h6 {when he could not see a clear win. True, after} 23.Nc5 ( {Or} 23.Rc4 {which would practically lead to the same after} 23...f5 24.Nc5 ( {As} 24.Rxd4 fxe4 25.Bxe4 Bc5 {is good only for Black.} ) 24...Bxc5 25.Rxc5 Nc3 ) 23...Bxc5 24.Rxc5 ( {Once again White should avoid capturing the exchange} 24.Bxd5 $2 Bxd5 25.Qxb8+ Rf8 {with a win for Black actually!} ) 24...Nc3 25.Bxc3 dxc3 {White can take the exchange} 26.Bd5 ( {The quiet} 26.Rxc3 {when Black is completely tied up but it is not that easy to pick up the black bishop as Black is always threatening to move away his rook with a tempo, or sacrifice the exchange:} 26...Kh7 {If White tries to triple his pieces along the b file there is} 27.Qc2+ ( 27.Qb2 Bxg2 ( {Or even the preparatory} 27...Re7 28.Rb3 Bxg2 29.Rxb8 Be4 ( 29...Qh3 $5 {looks good too.} ) ) 28.Qxb8 Be4 {and White still has to prove his win.} ) 27...f5 28.Rcb3 $2 Rc8 ) 26...Bxd5 27.Qxb8+ Rf8 ( 27...Kh7 28.Rd1 ) 28.Qc7 {And Black can still fight} ( 28.Qf4 $1 {is best with decent winning chances.} ) 28...Qe6 {In all these lines White is close to winning but there is still plenty of play going on.} ( {But Karjakin has to avoid Evgeny Miroshnichenko's discovery} 28...Qf5 $2 29.Rb7 $1 ) ) 23.Nc5 Bxc5 24.Rxc5 Rd8 25.Ba5 $1 Rd6 ( {In case of} 25...Rdd7 {Svidler saw the beautiful win after} 26.Re1 Qf5 ( {But he was not so sure about the line} 26...Qd6 {when he had to find an even more stunning win} 27.Bb4 $3 {when Black is doomed, since} 27...Nxb4 28.Re8+ {loses the queen to start with.} ) 27.Qxb7 Rxb7 28.Re8+ Rf8 29.Bxd5+ ) 26.Qc4 {White is completely dominating and Rb1xb7 is a deadly threat. Unstoppable.} 26...Nc3 27.Rxb7 ( {Svidler saw another win} 27.Qxe6 Rxe6 28.Bxc3 Bxg2 29.Rc8+ Rf8 30.Rxf8+ Kxf8 31.Bb4+ Kf7 32.Kxg2 Rb6 33.Rb2 ) 27...Qe1+ 28.Bf1 Ne2+ 29.Qxe2 1-0